Contract law and contract practice (Registro nro. 297801)
[ vista simple ]
| 000 -ENCABEZADO | |
|---|---|
| Número de control [NR] | 00921nam a2200241Mi 4500 |
| 005 - FECHA Y HORA DE LA ÚLTIMA TRANSACCIÓN | |
| control field | 20150126103022.0 |
| 008 - DE LONGITUD FIJA DE DATOS DE ELEMENTOS - INFORMACIÓN GENERAL | |
| Elementos de longitud fija [NR] | 150126s2013 enk fr 001 0 eng d |
| 020 ## - NUMERO INTERNACIONAL NORMALIZADO PARA LIBROS [R] | |
| Número Internacional Normalizado del libro [NR] | 9781849461214 |
| 040 ## - FUENTE DE CATALOGACION [NR] | |
| Agencia de catalogación original [NR] | CO-BoUCM |
| Idioma de catalogación [NR] | spa |
| Quien Cataloga | Jose A. Gerena |
| Quien Clasifica | Jose A. Gerena |
| 041 0# - CODIGO DE IDIOMA [R] | |
| Código de idioma para texto/pista de sonido o título separado [R] | Inglés |
| 100 1# - ASIENTO PRINCIPAL--NOMBRE PERSONAL [NR] | |
| Nombre personal [NR] | Mitchell, Catherine |
| ID Autoridad | 66693 |
| 245 10 - MENCION DE TITULO [NR] | |
| Título [NR] | Contract law and contract practice |
| Parte restante del título [NR] | bridging the gap between legal reasoning and commercial expectation |
| Mención de responsabilidad, etc. [NR] | Catherine Mitchell |
| 260 ## - PUBLICACION, DISTRIBUCION, ETC. (PIE DE IMPRENTA) [R] | |
| Lugar de publicación, distribución, etc. [R] | Oxford (Oxfordshire, Inglaterra) |
| Nombre del editor, distribuidor, etc. [R] | Hart |
| Fecha de publicación, distribución, etc. [R] | 2013 |
| 300 ## - DESCRIPCION FISICA [R] | |
| Extensión [R] | xvii, 288 páginas |
| 504 ## - NOTA DE BIBLIOGRAFIA, ETC. [R] | |
| Nota de bibliografía, etc. [NR] | Incluye referencias bibliográficas e índices |
| 650 #7 - ASIENTO SECUNDARIO DE MATERIA - TERMINO TEMATICO [R] | |
| Término temático o nombre geográfico como elemento de entrada [NR] | Derecho privado |
| 9 (RLIN) | 12819 |
| 650 #7 - ASIENTO SECUNDARIO DE MATERIA - TERMINO TEMATICO [R] | |
| Término temático o nombre geográfico como elemento de entrada [NR] | Derecho comercial |
| 9 (RLIN) | 12717 |
| 650 #7 - ASIENTO SECUNDARIO DE MATERIA - TERMINO TEMATICO [R] | |
| Término temático o nombre geográfico como elemento de entrada [NR] | Contratos |
| 9 (RLIN) | 11818 |
| Subdivisión general [R] | Aspectos jurídicos |
| 650 #7 - ASIENTO SECUNDARIO DE MATERIA - TERMINO TEMATICO [R] | |
| Término temático o nombre geográfico como elemento de entrada [NR] | Comercio |
| 9 (RLIN) | 11192 |
| Subdivisión general [R] | Aspectos jurídicos |
| 690 ## - ASUNTO AGREGADO LOCAL DE ENTRADA - TÉRMINO TEMÁTICO (OCLC, RLIN) | |
| 9 (RLIN) | 42779 |
| Acceso temático local | Derecho privado |
| 942 ## - ELEMENTOS DE ENTRADA AGREGADOS (KOHA) | |
| Sistema de clasificación | DEWEY |
| Tema principal | Derecho |
| Tipo de ítem principal el descrito en 300a | Libro |
| Edición | 1 |
| Clasificación | 346.02 |
| Parte restante de la signatura top. | M681 |
| Fecha de último préstamo | Total préstamos | Total Renewals | Signatura topográfica | Código de barras | Última vez visto | Ejemplar | Costo de reposición | Price effective from | Tipo de ítem | Perdido | Sistema de clasificación | Dañado | No prestable | Tipo de ítem específico | Suprimido | Ubicación habitual | Ubicación actual | Localización | Fecha de creación | Proveedor | Forma de adquisición | Costo |
|---|---|---|---|---|---|---|---|---|---|---|---|---|---|---|---|---|---|---|---|---|---|---|
| 16/01/2020 | 2 | 2 | 346.02 M681 | 100144627 | 05/12/2025 | Ej.1 | 179305.00 | 11/12/2014 | Libro | DEWEY | Libro | Claustro | Claustro | 3er piso | 11/12/2014 | 15 | Compra | 175762.00 |